Todos los partidos del FCB en el 2024 - Estadísticas

Estadísticas generales
  • Esta prueba ha sido intentada 19 veces
  • La puntuación promedio es 17 de 58
Estadísticas de respuestas
Dia Rival % Correcto
Las Palmas 1-2
93%
Barbastro 2-3
53%
Leganes 0-1
40%
Real Madrid 0-4
40%
Las Palmas 1-2
40%
Atletico Madrid 1-2
40%
Unionistas 1-3
40%
Mallorca 1-5
40%
Celta 2-2
40%
Betis 2-2
40%
Dortmund 2-3
40%
Bayern 4-1
40%
Monaco 0-3
33%
Alavés 0-3
33%
Real Sociedad 1-0
33%
Valencia 1-2
33%
Rayo Vallecano 1-2
33%
PSG 1-4
33%
Girona 1-4
33%
Villarreal 1-5
33%
Osasuna 2-0
33%
Athletic Club 2-1
33%
Monaco 2-1
33%
PSG 2-3
33%
Brest 3-0
33%
Espanyol 3-1
33%
Osasuna 4-2
33%
Sevilla 5-1
33%
Valladolid 7-0
33%
Real Madrid 1-2
27%
Manchester City 2-2
27%
A.C Milan 2-2
27%
Estrella Roja 2-5
27%
Napoli 3-1
27%
Real Madrid 3-2
27%
Real Madrid 4-1
27%
Girona 4-2
27%
Athletic Club 0-0
20%
Cadiz 0-1
20%
Almeria 0-2
20%
Alavés 0-3
20%
Atletico Madrid 0-3
20%
Mallorca 1-0
20%
Las Palmas 1-0
20%
Getafe 1-0
20%
Napoli 1-1
20%
Sevilla 1-2
20%
Real Sociedad 2-0
20%
Betis 2-4
20%
Villarreal 3-5
20%
Athletic Club 4-2
20%
Valencia 4-2
20%
Young Boys 5-0
20%
Rayo Vallecano 0-3
13%
Osasuna 1-0
13%
Celta 1-2
13%
Granada 3-3
13%
Getafe 4-0
13%
No se encontraron pruebas coincidentes
Distribución de puntuación
Porcentaje de gente con cada puntuación
Porcentaje por número respondido
Historial de tus puntuaciones
No has intentado esta prueba.